[Event "Aruba-ch"]
[Site "Oranjestad"]
[Date "2020.11.29"]
[Round "5"]
[White "Antonio, Kyell Jean"]
[Black "Croes, Octavio"]
[Result "1/2-1/2"]
[WhiteElo "1432"]
[BlackElo "1801"]
[PlyCount "77"]
[EventDate "2020.11.27"]
[EventType "tourn"]
[EventRounds "9"]
[EventCountry "ARN"]
[SourceTitle "CBM 199 Extra"]
[Source "ChessBase"]
[SourceDate "2021.01.31"]
[SourceVersion "1"]
[SourceVersionDate "2021.01.31"]
[SourceQuality "1"]

1. e4 c5 2. Nf3 d6 3. d4 cxd4 4. Nxd4 Nf6 5. Nc3 a6 6. Be2 e5 7. Nb3 Be7 8. Be3 0-0 9. 0-0 Be6 10. f4 Qc7 11. h3 Nbd7 12. a4 exf4 13. Rxf4 Ne5 14. Nd5 Bxd5 15. exd5 Rac8 16. c3 Nfd7 17. Rf1 Nc4 18. Bxc4 Qxc4 19. Na5 Qe4 20. Qd4 Nc5 21. b4 Qxd4 22. Bxd4 Bd8 23. Bxc5 dxc5 24. Nxb7 cxb4 25. Nxd8 Rfxd8 26. cxb4 Rxd5 27. Rad1 Rcd8 28. Rxd5 Rxd5 29. Rb1 Kf8 30. b5 axb5 31. axb5 Rd7 32. Kf2 Ke8 33. Ke3 Kd8 34. Rc1 Rd5 35. b6 Rb5 36. Rc7 Rxb6 37. Rxf7 Re6+ 38. Kf4 Re7 39. Rf5 1/2-1/2